Khoa học Xã hội Thành phố Hồ Chí Minh. Những vấn đề nghiên cứu /

Tập hợp các bài viết về các vấn đề xã hội ở Tp. Hồ Chí Minh như: Quá trình hội nhập và phát triển, vấn đề đầu tư, sự biến đổi về môi trường, quản lý đô thị, báo chí trong đời sống cư dân, tiềm năng và triển vọng về thương ma...

وصف كامل

محفوظ في:
التفاصيل البيبلوغرافية
المؤلف الرئيسي: Hồ Hữu Nhựt
مؤلفون آخرون: Phan Xuân Biên
التنسيق: كتاب
اللغة:Vietnamese
منشور في: Tp.HCM : Đại học Quốc gia TP. HCM , 2005
الطبعة:In lần thứ 1
الموضوعات:
الوسوم: إضافة وسم
لا توجد وسوم, كن أول من يضع وسما على هذه التسجيلة!
Thư viện lưu trữ: Thư viện Trường CĐ Kỹ Thuật Cao Thắng
LEADER 01238nam a2200229 a 4500
001 TVCDKTCT5049
003 Thư viện trường Cao đẳng Kỹ thuật Cao Thắng
005 20060426000000
008 060426
980 \ \ |a Thư viện Trường CĐ Kỹ Thuật Cao Thắng 
024 |a RG_1 #1 eb0 i1 
041 0 # |a vie 
082 # # |a 361.1 /   |b PH105B-k 
100 1 # |a Hồ Hữu Nhựt 
245 0 0 |a Khoa học Xã hội Thành phố Hồ Chí Minh. Những vấn đề nghiên cứu /  |c Hồ Hữu Nhựt, Phan Xuân Biên 
250 # # |a In lần thứ 1 
260 # # |a Tp.HCM :  |b Đại học Quốc gia TP. HCM ,  |c 2005 
300 # # |a 564tr. ;  |c 21cm 
520 # # |a Tập hợp các bài viết về các vấn đề xã hội ở Tp. Hồ Chí Minh như: Quá trình hội nhập và phát triển, vấn đề đầu tư, sự biến đổi về môi trường, quản lý đô thị, báo chí trong đời sống cư dân, tiềm năng và triển vọng về thương mại... 
650 # 4 |a Vấn đề xã hội--Nghiên cứu 
650 # 4 |a Thành phố Hồ Chí Minh 
700 0 # |a Phan Xuân Biên